| 000 | 00705nam a2200229 4500 | ||
|---|---|---|---|
| 001 | bimo0000169189 | ||
| 003 | OSt | ||
| 005 | 20151022162302.0 | ||
| 008 | 851128s1984 sp 0000 spa | ||
| 020 | _a84-339-3053-2 | ||
| 040 | _cBMC | ||
| 082 | _a928.436 | ||
| 100 | 1 |
_aBernhard, Thomas _d1931-1989 _936711 |
|
| 245 | 1 | 3 |
_aEl sótano _b: un alejamiento _cThomas Bernhard; traducción, Miguel Sáenz |
| 260 |
_aBarcelona _bAnagrama _cD.L. 1984 |
||
| 300 |
_a143 p. _c20 cm. |
||
| 490 | 0 |
_aPanorama de narrativas _v53 |
|
| 546 | _aTraducción de: Der Keller, eine entziehung | ||
| 600 | 1 | 0 |
_936903 _aBernhard, Thomas _d1931-1989 |
| 700 | 1 |
_93334 _aSáenz, Miguel |
|
| 942 |
_2ddc _cBK _hprozim |
||
| 999 |
_c23145 _d23145 |
||